| 000 | 01016cam a2200301 i 4500 | ||
|---|---|---|---|
| 003 | DO-SdBNP | ||
| 005 | 20231017093940.0 | ||
| 007 | ta | ||
| 008 | 751003s2013 sp 000 0 spa d | ||
| 040 |
_aDO-SdBNP _bspa _cBNPHU _erda |
||
| 082 | 4 |
_bW223 _222 _a808.84 |
|
| 100 | 1 |
_aWalsh, María Elena _984489 |
|
| 245 | 1 | 0 |
_aNortes para la literatura infantil / _cMaría Elena Walsh, Luis de Lión |
| 264 | 1 |
_aGuatemala : _bMinisterio de Cultura y Deportes, _bCultura, _c2013. |
|
| 300 |
_a27 páginas _c21 cm. |
||
| 336 |
_2rdacontent _atexto _btxt |
||
| 337 |
_2rdamedia _asin mediación _bn |
||
| 338 |
_2rdacarrier _avolumen _bnc |
||
| 490 | 1 |
_aEnsayo _aLuis Cardoza y aragón _v52 |
|
| 500 | _aIncluye datos biografícos de los autores en la página 25. | ||
| 590 | _aInventariado, 2023/ YL | ||
| 650 | 4 |
_aEnsayos Guatemaltecos _921180 |
|
| 650 | 4 |
_aLiteratura Guatemalteca _95393 |
|
| 650 | 4 |
_aLiteratura Infantil _92053 |
|
| 700 | 1 |
_aLión, Luis de _eautor _984436 |
|
| 910 | _aYlockward | ||
| 942 |
_2ddc _cLF2 |
||
| 999 |
_c55177 _d55177 |
||